Dohovor OSN o zmluvách o medzinárodnej kúpe tovaru

V súčasnej dobe je charakteristickým rysom právnej úpravy medzinárodného obchodu snaha o unifikáciu. Z tohto pohľadu sa významným javí najmä Dohovor OSN o zmluvách o medzinárodnej kúpe tovaru. Viedenský dohovor, štruktúra a obsah. Viedenský dohovor obsahuje vymedzenie predmetu úpravy a všeobecné ust...

ver descrição completa

Na minha lista:
Detalhes bibliográficos
Autor principal: Martyniv, Halina
Formato: Capítulo de Livro
Idioma:eslovaco
Assuntos:
Tags: Adicionar Tag
Sem tags, seja o primeiro a adicionar uma tag!

MARC

LEADER 00000nla$a2200000$$$4500
001 0064888
005 20240502071750.0
041 0 |a slo 
044 |a SK 
245 1 0 |a Dohovor OSN o zmluvách o medzinárodnej kúpe tovaru  |c Halina Martyniv 
520 |a V súčasnej dobe je charakteristickým rysom právnej úpravy medzinárodného obchodu snaha o unifikáciu. Z tohto pohľadu sa významným javí najmä Dohovor OSN o zmluvách o medzinárodnej kúpe tovaru. Viedenský dohovor, štruktúra a obsah. Viedenský dohovor obsahuje vymedzenie predmetu úpravy a všeobecné ustanovenia, venuje sa problematike uzatvárania medzinárodnej kúpnej zmluvy, obsahuje ustanovenia o právach a povinnostiach predávajúceho a kupujúceho. Mimoriadny význam majú výhrady pri podpise Viedenského dohovoru, ktoré upravuje IV. Časť tohto Dohovoru. 
610 2 0 |a obchod medzinárodný 
610 2 0 |a úpravy právne 
610 2 0 |a unifikácia 
610 2 0 |a dohody obchodné medzinárodné 
610 2 0 |a zmluvy kúpne 
100 1 |a Martyniv, Halina